000 01648nam a22002417a 4500
005 20230801090736.0
008 230726b ||||| |||| 00| 0 eng d
020 _a9780143452348
040 _cAL
041 _aEnglish
082 _223
_a158
_bMUKA
100 _aSwami Mukundananda
_9128927
245 _aArt and Science of Happiness
260 _aIndia
_bPenguin Ananda
_c2023
300 _axvii,262 p.
_bPB
_c20x13 cm.
365 _aBLCR-000026
_b₹239.00
_c
_d₹299.00
_e20%
_f15-07-2023
520 _aHappiness is a beautiful feeling. It floods our heart with gratitude and enriches us with the exuberance of life. Happiness is what makes living worthwhile. That is why we pursue it in all we do. Yet, despite our best efforts, it remains elusive. Why? This is the puzzle we must solve in life. What is the secret of finding everlasting bliss? What is the art of experiencing joy that is immune to vicissitudes? And what is the science of achieving happiness that is not dependent on externals? In this book, internationally acclaimed authority on mind management, renowned saint and bestselling author Swami Mukundananda draws on the ancient wisdom of the scriptures and current scientific research to address these questions. He also explains strategies for happiness in relationships, at work and in the face of adversity. By applying these concepts in your daily life, you can be happy everywhere and at all times.
650 _aApplied Psychology
_9128377
650 _aPsychology
_9128380
650 _a INSPIRATIONAL/SELF-HELP , RELIGION/SPIRITUALITY.
_9128928
700 _aMUKUNDANANDA (Swami)
_9128378
942 _2ddc
_cBK
999 _c228121
_d228121